Statistics for The Crusades

Click here to take the quiz!

General Stats

  • This quiz has been taken 68 times
  • The average score is 7 of 19

Answer Stats

Timespan of CrusadeTargetMore infoCrusade% Correct
1096-1099Fatimid Dynasty & the Seljuk TurksThe beginning of the crusades. Kingdom of Jerusalem is established.First Crusade
98%
1147-1150Seljuk Turks, Abbasid Caliphate, Almoravid Dynasty, Obotritian ConfederacyA three-front crusade against the Caliphate in the East, the Berbers in the west, and the pagans in the North. Mixed results.Second Crusade
84%
1189-1192Ayyubid Dynasty, Sultanate of RumRetaliation to the Ayyubid ruler Saladin's conquest of Jerusalem. Semi-Victory.Third Crusade
79%
1202-1204Byzantine EmpireFirst crusade against a Christian target. Destruction of the Orthodox Byzantine Empire and founding of the Catholic Latin Empire.Fourth Crusade
78%
1217-1221Ayyubid DynastyAn attempt to capture the Ayyubid capital city of Cairo. Resulted in an 8-year truce.Fifth Crusade
72%
1248-1252Ayyubid DynastyResponse to the final conquest of Jerusalem. resulted in defeat.Seventh Crusade
66%
1228-1229Ayyubid DynastyEnd of 8 year truce. Resulted in victory and the recapture of Jerusalem.Sixth Crusade
66%
1270Hafsid DynastyCrusade against the Muslims in North Africa.Eighth Crusade
55%
1212(Enemy never encountered)A young boy in France has a vision that he will reconquer the holy land. His followers set off for the holy land via boat but get shipwrecked in a storm.Children's Crusade
48%
1096Sultanate of Rumpeasants inspired to join the crusade set off for the holy land themselves. Ends in disaster.People's Crusade
24%
1209-1229Cathar heretics in Europe.Crusade against Catholic Heresies in Europe.Albigensian Crusade
19%
1419-1434Hussite HereticsA series of wars fought between the followers of Jan Hus and the Catholic Church.Hussite Wars/Hussite Crusade
14%
1366-1481Ottoman EmpireFour crusades meant to combat the "eastern menace" that replaced the Byantine Empire.Ottoman Crusades
7%
1239-1241Ayyubid DynastyCrusade led by Spanish & English rulers. Resulted in victory and expanded Jerusalem to its largest size since the first crusadeBaron's Crusade
5%
1101Sultanate of RumOffered as an opportunity for those who didn't participate in the first crusade to redeem themselves. Ended in defeatCrusade of 1101
5%
1340Waldensian HereticsCrusade against heretics that took place in what is now the Czech RepublicBohemian Crusade
3%
1309Jews in EuropeOn the way to the holy land, this crusades lower class participants looted and burned Jewish communities. They never reached the holy land and the crusaders dispersed.Crusade of the Poor
3%
1198-1290Slavic Pagans in the Baltic regionChristianization of Slavic pagans in Europe.Livonian Crusade
0%
1320Jews in EuropeFrench sheep herders organized to help with the Iberian Reconquista. Resulted in the murder of hundreds of French and Spanish Jews.Shepherd's Crusade
0%

Score Distribution

Percentile by Number Answered

Percent of People with Each Score

Your Score History

You have not taken this quiz